AEROSPACE STRUCTURAL METALS HANDBOOK (Record no. 585174)

000 -LEADER
fixed length control field 00265nam a22001097a 4500
082 ## - DEWEY DECIMAL CLASSIFICATION NUMBER
Classification number 629.1 AER'W
100 ## - MAIN ENTRY--PERSONAL NAME
Personal name WRIGHT, P.A
9 (RLIN) 80213
245 ## - TITLE STATEMENT
Title AEROSPACE STRUCTURAL METALS HANDBOOK
260 ## - PUBLICATION, DISTRIBUTION, ETC.
Place of publication, distribution, etc. NEWYORK
Name of publisher, distributor, etc. SYRACUSE
Date of publication, distribution, etc. 1966
300 ## - PHYSICAL DESCRIPTION
Extent CODE 1608-PAGE 3
942 ## - ADDED ENTRY ELEMENTS (KOHA)
Koha item type Book
Holdings
Withdrawn status Lost status Damaged status Not for loan Permanent Location Current Location Shelving location Date acquired Total Checkouts Full call number Barcode Date last seen Price effective from Koha item type
        College of Electrical & Mechanical Engineering (CEME) College of Electrical & Mechanical Engineering (CEME) Reference 07/06/2017   629.1 AER'W CEME-5507 06/28/2021 06/28/2021 Book
© 2023 Central Library, National University of Sciences and Technology. All Rights Reserved.